[Event "Basel Carnival op"]
[Site "Basel"]
[Date "2024.02.04"]
[Round "4"]
[White "Salami, Marco"]
[Black "Busch, Felix"]
[Result "0-1"]
[WhiteElo "2124"]
[BlackElo "1797"]
[PlyCount "116"]
[EventDate "2024.02.02"]
[EventType "swiss"]
[EventRounds "5"]
[EventCountry "SUI"]
[SourceTitle "CB07_2024"]
[SourceDate "2024.02.14"]
[SourceVersion "1"]
[SourceVersionDate "2024.02.14"]
[SourceQuality "1"]

1. d4 d5 2. Bf4 c5 3. e3 Nc6 4. c3 cxd4 5. exd4 Bf5 6. Qb3 Qd7 7. Nf3 f6 8. h4 h5 9. Nbd2 Qe6+ 10. Be3 Nh6 11. 0-0-0 Qd7 12. Qa4 Rc8 13. Bb5 a6 14. Bxc6 Rxc6 15. Qb3 Ng4 16. Nf1 e6 17. Ng3 Bg6 18. Rhe1 Qc7 19. Nf1 Kf7 20. Rd2 b5 21. a3 Bd6 22. g3 Qb7 23. N3h2 Nxh2 24. Nxh2 b4 25. Kd1 a5 26. axb4 axb4 27. Bf4 Bxf4 28. gxf4 Rb8 29. cxb4 Qxb4 30. Qxb4 Rxb4 31. Re3 Rcb6 32. b3 Rxb3 33. Rxb3 Rxb3 34. f3 Bd3 35. Ra2 Kg6 36. Rg2+ Kf7 37. Ra2 Bc4 38. Ra7+ Kg6 39. Kc2 Re3 40. Kd1 Rd3+ 41. Ke1 Rxd4 42. Kf2 Rxf4 43. Kg3 e5 44. Rc7 Rd4 45. Re7 Rd3 46. Kf2 Ra3 47. Rc7 Ra2+ 48. Kg3 Bd3 49. Rc3 Ba6 50. Rc7 d4 51. Rd7 Be2 52. Rd6 d3 53. Kf2 Ra4 54. Nf1 Bxf1 55. Kxf1 Rd4 56. Rxd4 exd4 57. Ke1 Kf5 58. Kd2 Kf4 0-1

[Event "Basel Carnival op"]
[Site "Basel"]
[Date "2024.02.03"]
[Round "3"]
[White "Stojanovic, Mihajlo"]
[Black "Salami, Marco"]
[Result "1-0"]
[WhiteElo "2477"]
[BlackElo "2124"]
[PlyCount "66"]
[EventDate "2024.02.02"]
[EventType "swiss"]
[EventRounds "5"]
[EventCountry "SUI"]
[SourceTitle "CB07_2024"]
[SourceDate "2024.02.14"]
[SourceVersion "1"]
[SourceVersionDate "2024.02.14"]
[SourceQuality "1"]

1. d4 e6 2. e4 d5 3. Nd2 Nc6 4. Ngf3 Nf6 5. e5 Nd7 6. Be2 f6 7. exf6 Qxf6 8. Nf1 Bd6 9. Ne3 0-0 10. 0-0 Kh8 11. c4 dxc4 12. Nxc4 Bf4 13. Bxf4 Qxf4 14. Rc1 e5 15. d5 Nd4 16. Nxd4 exd4 17. Bf3 Nb6 18. Qd2 Qf6 19. Rfd1 Nxc4 20. Rxc4 Qg6 21. Qd3 Bf5 22. Qxd4 Rae8 23. Qd2 Re7 24. h4 Rfe8 25. Qf4 Re5 26. Rxc7 Qd6 27. Rc4 Rf8 28. Qd4 Rfe8 29. Rcc1 Bc2 30. Rf1 Bf5 31. g3 Bh3 32. Rfd1 Qf6 33. Bg2 Bd7 1-0

[Event "Locarno op 5th"]
[Site "Locarno"]
[Date "2020.10.17"]
[Round "3"]
[White "Ceccarini, Marco"]
[Black "Salami, Marco"]
[Result "1/2-1/2"]
[WhiteElo "2003"]
[BlackElo "2150"]
[PlyCount "71"]
[EventDate "2020.10.16"]
[EventType "swiss"]
[EventRounds "5"]
[EventCountry "SUI"]
[SourceTitle "CBM 198 Extra"]
[Source "ChessBase"]
[SourceDate "2020.11.30"]
[SourceVersion "1"]
[SourceVersionDate "2020.11.30"]
[SourceQuality "1"]

1. e4 c6 2. d4 d5 3. Nc3 dxe4 4. Nxe4 Nf6 5. Nxf6+ exf6 6. c3 Bd6 7. Bd3 0-0 8. Ne2 Re8 9. Qc2 h5 10. Be3 Qc7 11. Ng3 Bf4 12. 0-0-0 Bxe3+ 13. fxe3 Rxe3 14. Rhe1 Rxe1 15. Rxe1 Be6 16. Bf5 Nd7 17. Bxe6 fxe6 18. Qg6 Nf8 19. Qxh5 Qf7 20. Qc5 Qd7 21. Re4 b6 22. Qh5 Qf7 23. Qe2 Re8 24. b3 f5 25. Rf4 Ng6 26. Rf1 Qe7 27. Qh5 Nf8 28. Re1 Qf7 29. Qf3 Rc8 30. Kb1 g6 31. h4 e5 32. d5 cxd5 33. h5 f4 34. hxg6 Nxg6 35. Qg4 Re8 36. Nf5 1/2-1/2

[Event "Flims op 9th"]
[Site "Flims"]
[Date "2020.10.10"]
[Round "3"]
[White "Salami, Marco"]
[Black "Lettieri, Giuseppe"]
[Result "1/2-1/2"]
[WhiteElo "2150"]
[BlackElo "2436"]
[PlyCount "90"]
[EventDate "2020.10.09"]
[EventType "swiss"]
[EventRounds "5"]
[EventCountry "SUI"]
[SourceTitle "CBM 198 Extra"]
[Source "ChessBase"]
[SourceDate "2020.11.30"]
[SourceVersion "1"]
[SourceVersionDate "2020.11.30"]
[SourceQuality "1"]

1. d4 Nf6 2. Nc3 d5 3. Bg5 h6 4. Bh4 e6 5. Nf3 c5 6. e3 Nc6 7. Bb5 cxd4 8. exd4 Be7 9. 0-0 0-0 10. Bxc6 bxc6 11. Ne5 Qe8 12. Na4 g5 13. Bg3 Ne4 14. f3 Nxg3 15. hxg3 f6 16. Nd3 e5 17. dxe5 fxe5 18. Nxe5 Bd6 19. f4 Bf5 20. Re1 gxf4 21. gxf4 Bxe5 22. fxe5 Qg6 23. Qd2 Rae8 24. Nc5 Re7 25. e6 Be4 26. Nxe4 dxe4 27. Re3 Rxe6 28. Qc3 Kh7 29. Rg3 Qf7 30. Qe3 Re5 31. Rh3 Qg7 32. Rg3 Qf7 33. Rh3 Qg7 34. Rg3 Qe7 35. Re1 Rf6 36. Rg4 Rfe6 37. a3 a5 38. Re2 a4 39. Re1 Qc5 40. Qxc5 Rxc5 41. Rgxe4 Rxe4 42. Rxe4 Rxc2 43. Rxa4 Rxb2 44. Rc4 Rb6 45. a4 Kg7 1/2-1/2

[Event "Porto San Giorgio op 23rd"]
[Site "Porto San Giorgio"]
[Date "2011.08.27"]
[Round "8"]
[White "Tribuiani, Renato"]
[Black "Salami, Marco"]
[Result "0-1"]
[WhiteElo "2029"]
[BlackElo "2166"]
[PlyCount "44"]
[EventDate "2011.08.21"]
[EventType "swiss"]
[EventRounds "9"]
[EventCountry "ITA"]
[SourceTitle "CBM 144 Extra"]
[Source "ChessBase"]
[SourceDate "2011.10.28"]
[SourceVersion "1"]
[SourceVersionDate "2011.10.28"]
[SourceQuality "1"]

1. d4 e6 2. e4 d5 3. e5 c5 4. Nf3 Nc6 5. Bd3 Nxd4 6. Nxd4 cxd4 7. Nd2 Ne7 8. Nf3 Nc6 9. a3 Qc7 10. Qe2 Be7 11. b4 Nxb4 12. axb4 Qc3+ 13. Nd2 Qxa1 14. Bb5+ Bd7 15. 0-0 Qc3 16. Bxd7+ Kxd7 17. Nb3 d3 18. Qg4 Qxb4 19. Qxg7 dxc2 20. Qg3 Rhg8 21. Qd3 Qc4 22. Qf3 Qg4 0-1

[Event "Porto San Giorgio op 23rd"]
[Site "Porto San Giorgio"]
[Date "2011.08.26"]
[Round "7"]
[White "Salami, Marco"]
[Black "Teutsch, Alexander"]
[Result "1-0"]
[WhiteElo "2166"]
[BlackElo "1896"]
[PlyCount "69"]
[EventDate "2011.08.21"]
[EventType "swiss"]
[EventRounds "9"]
[EventCountry "ITA"]
[SourceTitle "CBM 144 Extra"]
[Source "ChessBase"]
[SourceDate "2011.10.28"]
[SourceVersion "1"]
[SourceVersionDate "2011.10.28"]
[SourceQuality "1"]

1. d4 c5 2. d5 Nf6 3. c4 e6 4. Nc3 exd5 5. cxd5 d6 6. e4 g6 7. f4 Bg7 8. Bb5+ Nfd7 9. Be2 Qh4+ 10. g3 Qe7 11. Nf3 0-0 12. 0-0 Nf6 13. e5 dxe5 14. d6 Qd8 15. fxe5 Ng4 16. Nd5 Nc6 17. Bg5 f6 18. exf6 Nxf6 19. Nc7 Rb8 20. Bf4 Nh5 21. Qd5+ Kh8 22. Ne5 Nxf4 23. gxf4 Nxe5 24. fxe5 Qg5+ 25. Kh1 Bd7 26. Bb5 Bxb5 27. Nxb5 Qxe5 28. Rxf8+ Rxf8 29. Qxe5 Bxe5 30. Re1 Bxb2 31. d7 Bf6 32. Rf1 Kg7 33. Nc7 Kf7 34. Nd5 Ke6 35. Rxf6+ 1-0

[Event "Porto San Giorgio op 23rd"]
[Site "Porto San Giorgio"]
[Date "2011.08.25"]
[Round "6"]
[White "Cantoro, Daniele"]
[Black "Salami, Marco"]
[Result "1/2-1/2"]
[WhiteElo "1999"]
[BlackElo "2166"]
[PlyCount "57"]
[EventDate "2011.08.21"]
[EventType "swiss"]
[EventRounds "9"]
[EventCountry "ITA"]
[SourceTitle "CBM 144 Extra"]
[Source "ChessBase"]
[SourceDate "2011.10.28"]
[SourceVersion "1"]
[SourceVersionDate "2011.10.28"]
[SourceQuality "1"]

1. d4 d5 2. Bg5 Nc6 3. e3 f6 4. Bh4 Nh6 5. c4 Nf5 6. Bg3 dxc4 7. Nc3 e5 8. dxe5 Qxd1+ 9. Rxd1 Nxg3 10. hxg3 Nxe5 11. Nf3 Nxf3+ 12. gxf3 Be6 13. Rh4 c6 14. Re4 Kf7 15. Bxc4 Bxc4 16. Rxc4 Rb8 17. Ne4 Be7 18. Rcd4 f5 19. Nd6+ Bxd6 20. Rxd6 Rhe8 21. Ke2 Re6 22. Rd7+ Re7 23. R7d6 Rbe8 24. Kd3 Re6 25. Rd7+ R8e7 26. Kc4 Rxd7 27. Rxd7+ Re7 28. Rd6 Re6 29. Rd7+ 1/2-1/2

[Event "Porto San Giorgio op 23rd"]
[Site "Porto San Giorgio"]
[Date "2011.08.24"]
[Round "5"]
[White "Salami, Marco"]
[Black "Marsili, Riccardo"]
[Result "1-0"]
[WhiteElo "2166"]
[BlackElo "1962"]
[PlyCount "64"]
[EventDate "2011.08.21"]
[EventType "swiss"]
[EventRounds "9"]
[EventCountry "ITA"]
[SourceTitle "CBM 144 Extra"]
[Source "ChessBase"]
[SourceDate "2011.10.28"]
[SourceVersion "1"]
[SourceVersionDate "2011.10.28"]
[SourceQuality "1"]

1. Nf3 c5 2. e4 g6 3. d3 Bg7 4. Nbd2 Nc6 5. g3 e5 6. Bg2 Nge7 7. 0-0 0-0 8. c3 d6 9. a4 Rb8 10. Qc2 a6 11. Nc4 b5 12. axb5 axb5 13. Ne3 Kh8 14. Nd2 Be6 15. f4 f5 16. Nd5 Bg8 17. Nxe7 Nxe7 18. Nf3 Qc7 19. Be3 fxe4 20. dxe4 Nc6 21. h4 b4 22. h5 bxc3 23. bxc3 exf4 24. gxf4 Rb3 25. e5 dxe5 26. Nd2 Rb5 27. Qa4 Rfb8 28. c4 Rb4 29. Qxc6 Qxc6 30. Bxc6 exf4 31. Bxf4 Bxa1 32. Rxa1 Re8 1-0

[Event "Piacenza Province-ch"]
[Site "Piacenza"]
[Date "2011.04.03"]
[Round "5"]
[White "Pinna, Ferdinando"]
[Black "Salami, Marco"]
[Result "1-0"]
[WhiteElo "1885"]
[BlackElo "2206"]
[PlyCount "51"]
[EventDate "2011.04.01"]
[EventType "swiss"]
[EventRounds "5"]
[EventCountry "ITA"]
[SourceTitle "EXT 2024"]
[Source "ChessBase"]
[SourceDate "2023.10.10"]
[SourceVersion "1"]
[SourceVersionDate "2023.10.10"]
[SourceQuality "1"]

1. e4 e6 2. d4 d5 3. Nc3 Nf6 4. e5 Nfd7 5. f4 c5 6. Nf3 Nc6 7. Be3 Be7 8. Qd2 0-0 9. 0-0-0 c4 10. Kb1 b5 11. f5 b4 12. Ne2 c3 13. Qe1 exf5 14. Qg3 cxb2 15. Bh6 g6 16. Nf4 Nb6 17. h4 Na4 18. Rd3 Ba6 19. h5 Bxd3 20. hxg6 Bxc2+ 21. Kxc2 b3+ 22. axb3 Nxd4+ 23. Nxd4 fxg6 24. Nxg6 Kf7 25. e6+ Ke8 26. Bb5+ 1-0

[Event "Piacenza Province-ch"]
[Site "Piacenza"]
[Date "2011.04.02"]
[Round "2"]
[White "Salami, Marco"]
[Black "Falsetti, Paolo"]
[Result "1-0"]
[WhiteElo "2206"]
[BlackElo "1887"]
[PlyCount "75"]
[EventDate "2011.04.01"]
[EventType "swiss"]
[EventRounds "5"]
[EventCountry "ITA"]
[SourceTitle "EXT 2024"]
[Source "ChessBase"]
[SourceDate "2023.10.10"]
[SourceVersion "1"]
[SourceVersionDate "2023.10.10"]
[SourceQuality "1"]

1. d4 Nf6 2. c4 e6 3. Nc3 Bb4 4. f3 0-0 5. a3 Bxc3+ 6. bxc3 c5 7. e3 d6 8. Bd3 Nc6 9. Ne2 e5 10. d5 Ne7 11. Ng3 Bd7 12. a4 a6 13. a5 b5 14. axb6 Qxb6 15. 0-0 Rfb8 16. Bd2 Ra7 17. Qc2 Qb3 18. Rfb1 Ba4 19. Rxb3 Bxb3 20. Qc1 a5 21. Qf1 a4 22. Bc1 Rab7 23. f4 Nd7 24. Ne4 Rb6 25. Qe2 f5 26. Ng5 e4 27. Bc2 Nf6 28. Bxb3 axb3 29. Bb2 R6b7 30. h3 h6 31. Ne6 Kf7 32. g4 g6 33. g5 Nfxd5 34. cxd5 Nxd5 35. Nxc5 dxc5 36. Qc4 Ke6 37. gxh6 Kd6 38. Rd1 1-0

[Event "Milan Crespi op-A 31st"]
[Site "Milan"]
[Date "2010.12.10"]
[Round "8"]
[White "Salami, Marco"]
[Black "Codenotti, Marco"]
[Result "1/2-1/2"]
[WhiteElo "2203"]
[BlackElo "2228"]
[PlyCount "64"]
[EventDate "2010.12.04"]
[EventType "swiss"]
[EventRounds "9"]
[EventCountry "ITA"]
[SourceTitle "CBM 139 Extra"]
[Source "ChessBase"]
[SourceDate "2011.01.05"]
[SourceVersion "1"]
[SourceVersionDate "2011.01.05"]
[SourceQuality "1"]

1. d4 Nf6 2. c4 g6 3. Nc3 Bg7 4. e4 d6 5. Nf3 0-0 6. Be2 e5 7. d5 a5 8. Bg5 Na6 9. Nd2 Bd7 10. 0-0 Qe8 11. b3 h5 12. f3 Nh7 13. Bh4 Bh6 14. Rb1 Be3+ 15. Kh1 c6 16. a3 Bc5 17. Qc1 Kg7 18. Bf2 f5 19. Bxc5 Nxc5 20. b4 axb4 21. axb4 Na4 22. dxc6 Bxc6 23. b5 Nxc3 24. Qxc3 Bd7 25. Qb4 Qe7 26. Ra1 Nf6 27. Bd3 Be6 28. Ra3 Rfc8 29. Rfa1 Rxa3 30. Rxa3 fxe4 31. Bxe4 Qd7 32. h3 Nxe4 1/2-1/2

[Event "Milan Crespi op-A 31st"]
[Site "Milan"]
[Date "2010.12.05"]
[Round "2"]
[White "Salami, Marco"]
[Black "Massironi, Marco"]
[Result "0-1"]
[WhiteElo "2203"]
[BlackElo "2185"]
[PlyCount "90"]
[EventDate "2010.12.04"]
[EventType "swiss"]
[EventRounds "9"]
[EventCountry "ITA"]
[SourceTitle "CBM 139 Extra"]
[Source "ChessBase"]
[SourceDate "2011.01.05"]
[SourceVersion "1"]
[SourceVersionDate "2011.01.05"]
[SourceQuality "1"]

1. d4 d5 2. c4 c6 3. Nf3 Nf6 4. Nc3 dxc4 5. e4 b5 6. e5 Nd5 7. a4 e6 8. axb5 Nxc3 9. bxc3 cxb5 10. Ng5 Bb7 11. Qh5 Qd7 12. Be2 Bd5 13. Bf3 g6 14. Qg4 Nc6 15. 0-0 Be7 16. Ne4 h5 17. Qg3 b4 18. Bg5 Bxe4 19. Bxe4 Rc8 20. Bxc6 Rxc6 21. Bxe7 Qxe7 22. Qf3 Rc8 23. cxb4 0-0 24. d5 exd5 25. Qxd5 Rfd8 26. Qe4 Re8 27. Ra5 Qxb4 28. Rxa7 Qb6 29. Rfa1 c3 30. Qf4 Qe6 31. R7a5 c2 32. Rc1 Red8 33. Raa1 Rd5 34. Re1 Rcd8 35. Qa4 Rxe5 36. Rec1 Rc8 37. h3 Re2 38. Kf1 Re4 39. Qa6 Qxa6+ 40. Rxa6 Rd8 41. Raa1 Rd2 42. Re1 Rf4 43. Re2 Rd1+ 44. Re1 Rfd4 45. g3 Rxa1 0-1

[Event "Crema op 12th"]
[Site "Crema "]
[Date "2010.09.05"]
[Round "4"]
[White "Okhotnik, Vladimir"]
[Black "Salami, Marco"]
[Result "1-0"]
[WhiteElo "2437"]
[BlackElo "2195"]
[PlyCount "103"]
[EventDate "2010.09.05"]
[EventType "swiss"]
[EventRounds "6"]
[EventCountry "ITA"]
[SourceTitle "EXT 2012"]
[Source "ChessBase"]
[SourceDate "2011.11.24"]
[SourceVersion "1"]
[SourceVersionDate "2011.11.24"]
[SourceQuality "1"]

1. e4 e6 2. d4 d5 3. exd5 exd5 4. Nf3 Nc6 5. Bb5 Bd6 6. c4 dxc4 7. 0-0 Nge7 8. Bxc4 0-0 9. h3 Bf5 10. Nc3 Qd7 11. Nb5 Rad8 12. Nxd6 Qxd6 13. Be3 Be4 14. a3 Qg6 15. Nh4 Qf6 16. Qg4 Bf5 17. Nxf5 Qxf5 18. Rfd1 Qxg4 19. hxg4 Nd5 20. Rac1 Rd6 21. b4 a6 22. Bxd5 Rxd5 23. Rc5 Rfd8 24. Rb1 h6 25. Kf1 R5d7 26. Rbc1 Nxd4 27. Rxc7 Nc6 28. Rxd7 Rxd7 29. Ke2 Ne5 30. Rc8+ Kh7 31. f3 b5 32. Bc5 Nc4 33. Ra8 Nxa3 34. Rxa6 Nc4 35. Ra7 Rd2+ 36. Kf1 Kg6 37. Rb7 Na3 38. f4 Rd5 39. Kf2 h5 40. gxh5+ Rxh5 41. Kf3 Rd5 42. Ke4 Rd2 43. g4 Re2+ 44. Kf3 Rd2 45. f5+ Kf6 46. Kf4 g5+ 47. Ke4 Nc2 48. Rxb5 Re2+ 49. Kf3 Re8 50. Bf2 Ne1+ 51. Kg3 Re2 52. Rb6+ 1-0

[Event "Crema op 12th"]
[Site "Crema "]
[Date "2010.09.05"]
[Round "5"]
[White "Salami, Marco"]
[Black "Stella, Luca"]
[Result "1/2-1/2"]
[WhiteElo "2195"]
[BlackElo "2042"]
[PlyCount "88"]
[EventDate "2010.09.05"]
[EventType "swiss"]
[EventRounds "6"]
[EventCountry "ITA"]
[SourceTitle "EXT 2012"]
[Source "ChessBase"]
[SourceDate "2011.11.24"]
[SourceVersion "1"]
[SourceVersionDate "2011.11.24"]
[SourceQuality "1"]

1. d4 Nf6 2. c4 g6 3. Nc3 d5 4. Bg5 Ne4 5. cxd5 Nxc3 6. bxc3 Qxd5 7. Nf3 Bg7 8. Qd2 c5 9. Rc1 Nc6 10. e3 0-0 11. c4 Qd6 12. d5 Nb4 13. a3 Na6 14. Be2 Nc7 15. 0-0 e5 16. e4 f5 17. Bh6 fxe4 18. Bxg7 Kxg7 19. Ng5 Bf5 20. Qe3 h6 21. Nxe4 Bxe4 22. Qxe4 Rf4 23. Qb1 b6 24. Rc3 Raf8 25. Rg3 g5 26. a4 Qf6 27. a5 Ne8 28. axb6 axb6 29. Rf3 Nd6 30. Qxb6 e4 31. Rxf4 gxf4 32. f3 Qd4+ 33. Kh1 Nxc4 34. Bxc4 Qxc4 35. Ra1 Qxd5 36. fxe4 Qxe4 37. Qxc5 Rf7 38. Qc3+ Kh7 39. Rf1 Qe2 40. Re1 Qg4 41. Qc4 Qf5 42. Rf1 h5 43. Qe2 Qg4 44. Qe4+ Qf5 1/2-1/2

[Event "Crema op 11th"]
[Site "Crema"]
[Date "2009.09.06"]
[Round "5"]
[White "Salami, Marco"]
[Black "Acunzo, Domenico"]
[Result "1-0"]
[WhiteElo "2172"]
[BlackElo "1833"]
[PlyCount "83"]
[EventDate "2009.09.04"]
[EventType "swiss"]
[EventRounds "6"]
[EventCountry "ITA"]
[SourceTitle "EXT 2011"]
[Source "ChessBase"]
[SourceDate "2010.11.26"]
[SourceVersion "1"]
[SourceVersionDate "2010.11.26"]
[SourceQuality "1"]

1. e4 e6 2. d3 d5 3. Nd2 c5 4. Ngf3 Nc6 5. g3 g6 6. Bg2 Bg7 7. 0-0 Nge7 8. Re1 b6 9. exd5 exd5 10. Nf1 a5 11. c3 0-0 12. Bf4 h6 13. h4 Ra7 14. Qd2 Kh7 15. Ne5 Nxe5 16. Bxe5 Be6 17. Bxg7 Kxg7 18. Nh2 Nf5 19. Ng4 h5 20. Ne5 Qc8 21. Qg5 Ne7 22. Qf4 f6 23. Nf3 Qd7 24. Re2 Rf7 25. Rae1 Bg4 26. Re3 Nc6 27. Nh2 Bh3 28. Bxh3 Qxh3 29. Re6 Rae7 30. Rxe7 Nxe7 31. Qc7 Nc8 32. Qf4 Qd7 33. g4 Ne7 34. gxh5 gxh5 35. Re3 Ng6 36. Rg3 Kh7 37. Qb8 Qc7 38. Qe8 Qd6 39. Qc8 Qe7 40. Qf5 Rg7 41. Qxh5+ Kg8 42. Rxg6 1-0

[Event "Crema op 11th"]
[Site "Crema"]
[Date "2009.09.04"]
[Round "2"]
[White "Mattia, Ermanno"]
[Black "Salami, Marco"]
[Result "0-1"]
[WhiteElo "1725"]
[BlackElo "2172"]
[PlyCount "26"]
[EventDate "2009.09.04"]
[EventType "swiss"]
[EventRounds "6"]
[EventCountry "ITA"]
[SourceTitle "EXT 2011"]
[Source "ChessBase"]
[SourceDate "2010.11.26"]
[SourceVersion "1"]
[SourceVersionDate "2010.11.26"]
[SourceQuality "1"]

1. e4 g6 2. d4 Bg7 3. Nc3 d6 4. f4 a6 5. Nf3 b5 6. Bd3 Bb7 7. 0-0 Nd7 8. g3 c5 9. Be3 Ngf6 10. d5 Ng4 11. Bd2 c4 12. Be2 Qb6+ 13. Kh1 Nf2+ 0-1

[Event "Cremona Vida Memorial 8th"]
[Site "Cremona"]
[Date "2009.04.25"]
[Round "3"]
[White "Paulmichl, Martin"]
[Black "Salami, Marco"]
[Result "1/2-1/2"]
[WhiteElo "2068"]
[BlackElo "2165"]
[PlyCount "148"]
[EventDate "2009.04.24"]
[EventType "swiss"]
[EventRounds "6"]
[EventCountry "ITA"]
[SourceTitle "EXT 2012"]
[Source "ChessBase"]
[SourceDate "2011.11.24"]
[SourceVersion "1"]
[SourceVersionDate "2011.11.24"]
[SourceQuality "1"]

1. d4 d5 2. Bg5 Nc6 3. e3 f6 4. Bh4 Nh6 5. c4 Nf5 6. Bg3 dxc4 7. Bxc4 e5 8. d5 Nb8 9. Nc3 g6 10. Nge2 Bg7 11. e4 Nd6 12. Bd3 Nd7 13. 0-0 0-0 14. f4 exf4 15. Bxf4 Ne5 16. h3 Qe8 17. Rc1 Bd7 18. Nd4 a6 19. Bb1 Kh8 20. b3 Rc8 21. Na4 b6 22. Nb2 f5 23. exf5 Nxf5 24. Nxf5 Bxf5 25. Bxe5 Qxe5 26. Nc4 Qd4+ 27. Qxd4 Bxd4+ 28. Kh1 Bxb1 29. Rxb1 Kg7 30. Rbd1 Rxf1+ 31. Rxf1 Rd8 32. Re1 Kf6 33. Rf1+ Kg5 34. Rf7 Rxd5 35. Rxh7 Bf2 36. Kh2 b5 37. Na5 Rd2 38. Nc6 Bc5 39. a4 Bd6+ 40. Kg1 Bg3 41. Rf7 Rb2 42. Nd4 bxa4 43. bxa4 Ra2 44. Rf3 Ra1+ 45. Rf1 Rxa4 46. Ne6+ Kh6 47. Rc1 c6 48. Kf1 Re4 49. Nc5 Rf4+ 50. Ke2 Rf2+ 51. Ke3 Rf5 52. Rc2 Bf2+ 53. Rxf2 Rxc5 54. Rf7 Kg5 55. Ra7 a5 56. Ra6 Re5+ 57. Kf3 Rc5 58. g3 Kf5 59. Ra8 Rc3+ 60. Kf2 Rc5 61. Kf3 g5 62. Ra6 Ke5 63. Kg4 Kd4 64. h4 gxh4 65. gxh4 Kc4 66. h5 Kb5 67. Ra8 Rc1 68. h6 Rh1 69. Kg5 a4 70. Rb8+ Kc4 71. Ra8 Kb3 72. Rb8+ Kc4 73. Ra8 Kb4 74. Rb8+ Kc4 1/2-1/2

[Event "Bratto op-A 28th"]
[Site "Bratto"]
[Date "2008.08.30"]
[Round "9"]
[White "Zinani, Alessandro"]
[Black "Salami, Marco"]
[Result "1/2-1/2"]
[WhiteElo "2240"]
[BlackElo "2186"]
[PlyCount "76"]
[EventDate "2008.08.22"]
[EventType "swiss"]
[EventRounds "9"]
[EventCountry "ITA"]
[SourceTitle "EXT 2010"]
[Source "ChessBase"]
[SourceDate "2010.11.25"]
[SourceVersion "1"]
[SourceVersionDate "2010.11.25"]
[SourceQuality "1"]

1. d4 f5 2. Bg5 g6 3. c4 Bg7 4. Nc3 Nf6 5. g3 d6 6. Nf3 Nbd7 7. Qb3 c6 8. Bg2 Qb6 9. 0-0 Qxb3 10. axb3 Ne4 11. Be3 Nxc3 12. bxc3 Nf6 13. h3 0-0 14. b4 Ne4 15. Ra3 Be6 16. c5 Bc4 17. Re1 h6 18. Nd2 Nxd2 19. Bxd2 d5 20. f4 Bf6 21. Bf3 a6 22. Kh2 Kf7 23. Raa1 Rg8 24. Rg1 e6 25. Be3 Bd8 26. Rgb1 Bc7 27. Bf2 Kf6 28. e3 Rg7 29. Rb2 Rag8 30. Be1 g5 31. Rg2 Rh8 32. Kg1 Rhg8 33. Kh2 Bf1 34. Rc2 Bd3 35. Rg2 Bf1 36. Rc2 Bd3 37. Rg2 Bf1 38. Rf2 Bc4 1/2-1/2

[Event "Bratto op-A 28th"]
[Site "Bratto"]
[Date "2008.08.29"]
[Round "8"]
[White "Salami, Marco"]
[Black "Angelini, Marco"]
[Result "0-1"]
[WhiteElo "2186"]
[BlackElo "1987"]
[PlyCount "82"]
[EventDate "2008.08.22"]
[EventType "swiss"]
[EventRounds "9"]
[EventCountry "ITA"]
[SourceTitle "CBM 126 Extra"]
[Source "ChessBase"]
[SourceDate "2008.11.05"]
[SourceVersion "1"]
[SourceVersionDate "2008.11.05"]
[SourceQuality "1"]

1. d4 Nf6 2. Nc3 d5 3. Bg5 Ne4 4. Nxe4 dxe4 5. e3 h6 6. Bh4 c5 7. c3 Qb6 8. Rb1 cxd4 9. Qxd4 Qxd4 10. exd4 g5 11. Bg3 Bg7 12. Bxb8 Rxb8 13. Bb5+ Kf8 14. Ne2 f5 15. Ng3 a6 16. Bc4 b5 17. Bb3 e6 18. Nh5 Kf7 19. Nxg7 Kxg7 20. Ke2 Rd8 21. Rhd1 Kf6 22. Rd2 Bb7 23. Rc1 Bd5 24. c4 bxc4 25. Bxc4 f4 26. Bxd5 Rxd5 27. Rc6 a5 28. b3 a4 29. bxa4 Rb4 30. Rdc2 Rbxd4 31. R6c4 Ke5 32. Rxd4 Rxd4 33. Rb2 Rxa4 34. Rd2 Ra3 35. Rb2 f3+ 36. gxf3 exf3+ 37. Kd2 Kf4 38. Kc2 Kg4 39. Rb4+ Kh3 40. Kb2 Ra6 41. Kb3 Kg2 0-1

[Event "Bratto op-A 28th"]
[Site "Bratto"]
[Date "2008.08.26"]
[Round "5"]
[White "Cardilli, Mariano"]
[Black "Salami, Marco"]
[Result "1-0"]
[WhiteElo "2100"]
[BlackElo "2186"]
[PlyCount "111"]
[EventDate "2008.08.22"]
[EventType "swiss"]
[EventRounds "9"]
[EventCountry "ITA"]
[SourceTitle "CBM 126 Extra"]
[Source "ChessBase"]
[SourceDate "2008.11.05"]
[SourceVersion "1"]
[SourceVersionDate "2008.11.05"]
[SourceQuality "1"]

1. d4 f5 2. c4 Nf6 3. Nf3 g6 4. g3 Bg7 5. Bg2 0-0 6. 0-0 d6 7. Nc3 Nc6 8. d5 Ne5 9. Nxe5 dxe5 10. Qb3 Kh8 11. Bd2 e4 12. Rad1 Ng4 13. f3 exf3 14. Rxf3 Qd6 15. Na4 a5 16. Bf4 Ne5 17. Rc3 Bd7 18. c5 Qf6 19. c6 bxc6 20. Nc5 Bc8 21. dxc6 g5 22. Nd7 Bxd7 23. Bxe5 Qxe5 24. cxd7 Rad8 25. e3 c5 26. Rd5 a4 27. Qxa4 Qe6 28. Rcd3 f4 29. Qe4 Qf6 30. gxf4 gxf4 31. exf4 Qxf4 32. Qxf4 Rxf4 33. b3 Bd4+ 34. Kh1 e5 35. Bh3 Rf6 36. a4 Kg7 37. Rd1 Kf7 38. Rf1 Rxf1+ 39. Bxf1 Ke7 40. Bb5 Rg8 41. h3 Kd8 42. Rd6 Rg6 43. Rxg6 hxg6 44. a5 e4 45. Kg2 g5 46. a6 c4 47. bxc4 Bc5 48. Kg3 e3 49. Kf3 Ke7 50. Ba4 Kd8 51. Bd1 Kxd7 52. Kg4 Ke6 53. Kxg5 Ke5 54. h4 Kd4 55. h5 Kxc4 56. h6 1-0

[Event "Lugano New op 2nd"]
[Site "Lugano"]
[Date "2008.03.14"]
[Round "3"]
[White "Ludin, Hubert"]
[Black "Salami, Marco"]
[Result "0-1"]
[WhiteElo "2027"]
[BlackElo "2241"]
[PlyCount "142"]
[EventDate "2008.03.13"]
[EventType "swiss"]
[EventRounds "7"]
[EventCountry "SUI"]
[SourceTitle "EXT 2010"]
[Source "ChessBase"]
[SourceDate "2010.11.25"]
[SourceVersion "1"]
[SourceVersionDate "2010.11.25"]
[SourceQuality "1"]

1. d4 f5 2. g3 Nf6 3. c4 d6 4. Nf3 g6 5. Nc3 Bg7 6. Bg2 0-0 7. 0-0 c6 8. b3 Qa5 9. Bb2 e5 10. dxe5 dxe5 11. Qc2 Na6 12. a3 Qc7 13. e3 Be6 14. Ng5 Bd7 15. b4 h6 16. Nf3 g5 17. Ne2 Rae8 18. Rfe1 Bc8 19. Rad1 Nh5 20. Nd2 Be6 21. c5 Qf7 22. Rc1 f4 23. exf4 gxf4 24. Bf3 Rd8 25. g4 Nf6 26. h3 h5 27. g5 Nd5 28. Kh2 Ne3 29. Qc3 Qf5 30. Ng1 Nd5 31. Qc2 Qxg5 32. Ne4 Qh4 33. Nd6 Qg5 34. Qe2 Rd7 35. Bxh5 Nac7 36. Bf3 Ne8 37. Bxe5 Bxe5 38. Qxe5 Qxe5 39. Rxe5 Nxd6 40. Rxe6 Nb5 41. a4 Nd4 42. Bxd5 Rxd5 43. Re7 Rf7 44. Rce1 a5 45. Rxf7 Kxf7 46. bxa5 Rxc5 47. Rb1 Rxa5 48. Rxb7+ Ke6 49. Rb4 c5 50. Rb6+ Kd5 51. Kg2 c4 52. Nf3 c3 53. Rb1 Rxa4 54. Ne1 c2 55. Rc1 Rc4 56. h4 Rc3 57. h5 Ke4 58. h6 Rc6 59. f3+ Ke3 60. Nxc2+ Nxc2 61. h7 Rg6+ 62. Kf1 Rh6 63. Rxc2 Kxf3 64. Rc3+ Kg4 65. Rc7 Kg3 66. Rc3+ f3 67. Kg1 Rxh7 68. Ra3 Rb7 69. Ra1 Rb2 70. Rc1 Rg2+ 71. Kf1 Rh2 0-1